| 000 | 00639nam a2200217Ia 4500 | ||
|---|---|---|---|
| 005 | 20250508164737.0 | ||
| 008 | 008 250505s9999 xx 000 0 eng d | ||
| 020 | _a0-415-36222-9 | ||
| 037 | _aTextual | ||
| 040 |
_aFEDL _beng _cFEDL |
||
| 041 |
_aeng _2eng |
||
| 084 |
_a371.2, HAR _qFEDL |
||
| 100 |
_aHarris Alma Ed. _9779044 |
||
| 245 | 0 | _aImproving schools and educational systems : International perspectives | |
| 260 |
_aLondon, UK _bRoutledge _c2009 |
||
| 300 | _axvii,315p. | ||
| 365 |
_aGBP _b22.99 |
||
| 700 |
_a Chrispeels Janet H Ed. _9779045 |
||
| 942 |
_cTEXL _h371.2, HAR |
||
| 999 |
_c1390870 _d1390870 |
||